000 00377nam a2200157Ia 4500
008 230917s9999||||xx |||||||||||||| ||und||
040 _e152585
_aMAIN
041 _aEnglish
082 _a005.1 S55S
100 _aSommerville, Ian
245 0 _aSoftware engineering
250 _a8th ed.
260 _aNew Delhi
_bPearson Education
_c1982
300 _a864 p.
942 _cBK
999 _c142894
_d142894